102 Most Common L Words In English - Statistics

General Stats
  • This quiz has been taken 89 times
  • The average score is 44 of 102
Answer Stats
L % Correct
love
93%
last
91%
lie
90%
list
84%
like
82%
live
82%
lean
81%
let
81%
light
79%
land
78%
lip
78%
late
76%
lack
75%
lose
75%
lab
74%
leaf
74%
less
74%
lost
74%
lot
72%
life
71%
lay
69%
leave
69%
leg
69%
lock
69%
low
69%
laugh
68%
law
68%
lead
68%
look
68%
line
66%
least
65%
lap
63%
luck
63%
little
60%
load
60%
long
60%
loose
59%
latter
57%
lake
56%
loss
56%
loan
54%
left
53%
listen
51%
lift
50%
lucky
50%
later
49%
lawyer
49%
learn
47%
labor
44%
leader
44%
label
43%
lemon
43%
loud
43%
link
41%
lover
41%
level
38%
laboratory
35%
large
35%
legal
34%
lovely
34%
lady
31%
lesson
31%
letter
31%
lower
31%
lots
29%
language
28%
likely
28%
lung
28%
lawn
25%
liberal
25%
league
24%
library
22%
living
22%
lunch
22%
leading
21%
local
19%
layer
18%
learning
18%
length
18%
limit
18%
legend
16%
location
16%
literally
15%
license
12%
literature
12%
locate
12%
launch
10%
leadership
10%
legitimate
9%
limitation
9%
Latin
7%
legacy
7%
landscape
6%
limited
6%
largely
4%
lawsuit
4%
lifestyle
4%
leather
3%
legislation
3%
lifetime
3%
literary
3%
long-term
0%
No matching quizzes found
Score Distribution
Percent of People with Each Score
Percentile by Number Answered
Your Score History
You have not taken this quiz